|
|
|
|
| LEADER |
01039naa a2200205 i 4500 |
| 001 |
acta89150 |
| 005 |
20251204091943.0 |
| 008 |
251204s2025 hu o 100 hun d |
| 040 |
|
|
|a SZTE Egyetemi Kiadványok Repozitórium
|b hun
|
| 041 |
|
|
|a hun
|
| 100 |
1 |
|
|a Sandle Joanna Grace
|
| 245 |
1 |
0 |
|a Emberi agykéregi neuronok transzkriptomikai csoportjának meghatározása elektrofiziológiai paraméterek alapján
|h [elektronikus dokumentum] :
|b [absztrakt] /
|c Sandle Joanna Grace
|
| 260 |
|
|
|a Szegedi Tudományegyetem Móra Ferenc Szakkollégium
|b Szeged
|c 2025
|
| 300 |
|
|
|a 104-105
|
| 490 |
0 |
|
|a Móra Kárpát-medencei Interdiszciplináris Szakkollégiumi Konferencia
|v 9
|
| 650 |
|
4 |
|a Természettudományok
|
| 650 |
|
4 |
|a Biológiai tudományok
|
| 695 |
|
|
|a Transzkriptomika - előadáskivonat, Elektrofiziológia - előadáskivonat
|
| 711 |
|
|
|a IX. Móra Kárpát-medencei Interdiszciplináris Szakkollégiumi Konferencia
|c Szeged
|d 2025. november 21-23.
|
| 856 |
4 |
0 |
|u http://acta.bibl.u-szeged.hu/89150/1/morakonf_2025_104-105.pdf
|z Dokumentum-elérés
|